000
00274nam a2200097Ia 4500
082
_a
702 8 SMIT
245
0
_a
Men, rivers and canoes
100
_a
PLAYER, Ian Empangeni, South Africa, 2007 2nd ed
_9
81786
942
_c
BK
008
210817s9999 xx 000 0 und d
999
_c
293090
_d
293089